Prowincje Algierii - Statystyki

Ogólne statystyki
  • Ten quiz został rozwiązany 15 razy
  • Średni wynik to 2 z 48
Odpowiedzi na mapie
Odpowiedzi zakodowano w zielono-czerwonej skali na mapie do tego quizu, zgodnie z poniższymi procentami.
 
Statystyki odpowiedzi
Prowincja % Poprawnych
Algier
91%
Oran
45%
Konstantyna
18%
Tamanrasset
18%
Adrar
9%
Annaba
9%
Baszszar
9%
Illizi
9%
Tinduf
9%
Ajn ad-Dafla
0%
Ajn Tumuszanat
0%
Al-Aghwat
0%
Al-Bajad
0%
Al-Bulajda
0%
Al-Buwajra
0%
Al-Madijja
0%
Al-Masila
0%
Al-Tarif
0%
Al-Wadi
0%
An-Na’ama
0%
Asz-Szalif
0%
Batna
0%
Bidżaja
0%
Biskira
0%
Bumardas
0%
Burdż Bu Urajridż
0%
Chanszala
0%
Dżidżal
0%
Dżlifa
0%
Ghardaja
0%
Ghulajzan
0%
Kalima
0%
Mila
0%
Mu'askar
0%
Mustaghanim
0%
Sa'ida
0%
Satif
0%
Sidi Bu-l-Abbas
0%
Suk Ahras
0%
Sukajkida
0%
Tibissa
0%
Tijarat
0%
Tilimsan
0%
Tipasa
0%
Tisamsilt
0%
Tizi Wuzu
0%
Umm al-Bawaki
0%
Warlaka
0%
Nie znaleziono quizów pasujących do podanych kryteriów
Rozkład punktacji
Procent ludzi z każdym wynikiem
Percentyl według liczby udzielonych odpowiedzi
Twoja historia wyników
Nie rozwiązałeś tego quizu